Responses for Show #3102 - Tuesday, February 10, 1998

1998 Tournament of Champions semifinal game 2.
"Bonus" category in the Double Jeopardy! Round.

Contestants

[<< previous game]

Bob Harris, a political humorist originally from Cleveland, Ohio

Peter Scott, an advertising manager from Washington, D.C.

Lyn Payne, a librarian from Orlando, Florida

[next game >>]

Jeopardy! Round responses

MUSEUMS
DON'T QUIT YOUR DAY JOB
THE LAW
REEL MOTHERS
COMMON BONDS
SOMETHING'S A "FOOT"
    $100 10
Independence Hall

Bob
    $100 29
Michael Jordan

Bob
    $100 26
Habeas corpus

Lyn
    $100 27
Serial Mom

Bob
    $100 30
(Alex: Bob, very impressive - obviously, he is over his fever!)

Things that rock

Lyn
    $100 23
footlong

Bob
    $200 9
Cigar bands

Bob
    $200 28
William Shatner

Bob
    $200 25
Referendum

Bob
    $200 19
Throw Momma From The Train

Lyn
    $200 17
Things that are rolled

Lyn
    $200 22
Foot the bill

Bob
    $300 8
Phoenix

Bob
    $300 5
Cindy Crawford

Bob
    $300 24
Blue laws

Lyn
    $700 11
(Alex: That was Joan Crawford in Autumn Leaves.)

Mommie Dearest

Bob
    $300 14
Things that give milk

Lyn
    $300 18
Footlocker

Peter
    $400 3
Abilene

Bob
    $400 6
Stuart Sutcliffe

Bob
    $400 2
(Peter: What is eviction?)

Mechanic's lien

Peter
Triple Stumper
    $400 12
Shaft

Bob
    $400 15
Things that are pinned

Bob
    $400 20
Foot fault

Bob
    $500 4
Easter Island

Bob
    $500 7
Maximillian

Lyn
    $500 1
Bar

Lyn
    $500 13
Mother, Jugs & Speed

Bob
    $500 16
Things that are spiked

Lyn
    $500 21
One foot in the grave

Bob

Scores at the first commercial break (after clue 15):

Lyn Peter Bob
$1,300 -$400 $4,200

Scores at the end of the Jeopardy! Round:

Lyn Peter Bob
$2,700 -$100 $6,000

Double Jeopardy! Round responses

HARRY GUYS
WE'RE MALAYSIA-BOUND
FETAL ATTRACTION
TOP 40 BONUS
(Alex: There are 2 correct responses for each of our clues. If you respond correctly with one of them, you can elect to try for the 2nd one for twice as much money; if you're wrong, however, you lose the money you earned on the 1st answer; the opponents can ring in if you elect to pass.)
FROM THE JAWS OF VICTORY
POETS' RHYME TIME
    $200 19
(Harry Lillis) "Bing" Crosby

Bob
    $200 20
Kuala Lumpur

Peter
    $200 22
(Bob: What is fetus?)

Embryo

PeterBob
    $400 11
[Peter got both to be credited with $400.]

Creedence Clearwater Revival & Ike & Tina Turner

Peter
    $200 29
Hare

Bob
    $200 10
Plath's baths

Peter
    $400 18
"Lighthorse" Harry Lee

Bob
    $400 24
Rhinoceros

Peter
    $400 27
(Bob: What is the amniotic sac?)
(Alex: Fluid, yes)
(Bob: Sorry, I haven't been pregnant before!)

Amniotic fluid

Bob
    $400 5
(Lyn: Who is [*]?)
(Alex: Try for the 2nd one?)
(Lyn: Who is Paul McCartney?)
(Alex: No.)

Wings & Guns N' Roses

Lyn
Triple Stumper
    $400 30
Gary Hart

Lyn
    $400 9
Pound's hounds

Lyn
    $600 17
Harry Belafonte

Bob
    $600 28
Proton

Triple Stumper
    $600 26
Ultrasound

Lyn
    $1200 4
[Bob got both to be credited with $1,200.]

The Beach Boys & David Lee Roth

Bob
    $600 25
George Meade

Peter
    $600 8
Pope's hopes

Lyn
    $700 14
(Lyn: Who is Hunt?)

H.R. Haldeman

Lyn
    $800 23
(P: What is Sumatra?)

Borneo

PeterBob
    $800 21
Placenta

Bob
    $800 3
(Lyn: Who is [*]?)
(Alex: Try for the second one?)
(Lyn: No.)
...
(Peter: Who is [**]?)

Linda Ronstadt & Roy Orbison

LynPeter
    $800 12
Ann Richards

Lyn
    $800 7
Blake's snakes

Lyn
    $1000 16
Harry James

Lyn
    $1000 2
Malacca

Triple Stumper
    $1000 15
fontanelles

Peter
    $1000 1
(Lyn: Who is James Brown?)
(Bob: Who are [*]?)
(Alex: Try for the 2nd one?)
(Bob: No.)
(Peter: Who are [**]?)

The Blues Brothers & Sam & Dave

LynPeterBob
    $4,000 13
Agincourt

Lyn
    $1000 6
Sidney's kidneys

Bob

Scores at the end of the Double Jeopardy! Round:

Lyn Peter Bob
$10,000 $3,900 $12,400

[wagering suggestions for these scores]

Final Jeopardy! Round responses

ENGLISH LITERATURE
PeterWhat is The Encyclopedia Brittanica?
$2,999
LynWhat is The Compleat Angler?
$10,000
BobWhat is the Compleat Angler?
$7,601
The Compleat Angler (by Izaak Walton)

Final scores:

Lyn Peter Bob
$20,000 $901 $20,001
2nd place: $5,000 3rd place: $5,000 Finalist

Game dynamics:

Coryat scores:

Lyn Peter Bob
$7,700 $3,900 $12,000
18 R
(including 1 DD),
3 W
(including 1 DD)
10 R,
2 W
29 R
(including 1 DD),
1 W

Combined Coryat: $23,600

[game clues] [game scores] [suggest correction]

Game tape date: Unknown
The J! Archive is created by fans, for fans. Scraping, republication, monetization, and malicious use prohibited; this site may use cookies and collect identifying information. See terms. The Jeopardy! game show and all elements thereof, including but not limited to copyright and trademark thereto, are the property of Jeopardy Productions, Inc. and are protected under law. This website is not affiliated with, sponsored by, or operated by Jeopardy Productions, Inc. Join the discussion at JBoard.tv.